An toàn bức xạ ion hóa

Nội dung cung cấp cho bạn đọc kiến thức về bản chất của các tia bức xạ ion hóa, tương tác của chúng với vật chất, các nguồn bức xạ tự nhiên và nhân tạo, các dụng cụ đo lường bức xạ, hiệu ứng sinh học của bức xạ, các tiêu chuẩn an toà...

Πλήρης περιγραφή

Αποθηκεύτηκε σε:
Λεπτομέρειες βιβλιογραφικής εγγραφής
Κύριος συγγραφέας: Ngô, Quang Huy
Μορφή: Βιβλίο
Γλώσσα:Undetermined
Έκδοση: Hà Nội Khoa học và kỹ thuật 2004
Θέματα:
Ετικέτες: Προσθήκη ετικέτας
Δεν υπάρχουν, Καταχωρήστε ετικέτα πρώτοι!
Thư viện lưu trữ: Trung tâm Học liệu Trường Đại học Cần Thơ
LEADER 01209nam a2200217Ia 4500
001 CTU_90870
008 210402s9999 xx 000 0 und d
020 |c 45000 
082 |a 363.1799 
082 |b H523 
100 |a Ngô, Quang Huy 
245 3 |a An toàn bức xạ ion hóa 
245 0 |c Ngô Quang Huy 
260 |a Hà Nội 
260 |b Khoa học và kỹ thuật 
260 |c 2004 
520 |a Nội dung cung cấp cho bạn đọc kiến thức về bản chất của các tia bức xạ ion hóa, tương tác của chúng với vật chất, các nguồn bức xạ tự nhiên và nhân tạo, các dụng cụ đo lường bức xạ, hiệu ứng sinh học của bức xạ, các tiêu chuẩn an toàn bức xạ, an toàn bức xạ đối với chiếu xạ ngoài, chiếu xạ trong. Quản lý chất thải phóng xạ, vận chuyển an toàn chất phóng xạ và các phương pháp kiểm soát bức xạ. 
650 |a Ion pumps 
650 |x Effect of radiation 
904 |i Tuyến (Nguyên sửa) 
980 |a Trung tâm Học liệu Trường Đại học Cần Thơ